Cochliobolus heterostrophus (Drechsl.) Drechsl. in Peninsular Malaysia : mating behaviour, pathogenic variability and sources of resistance in Zea mays L. /
محفوظ في:
| المؤلف الرئيسي: | |
|---|---|
| التنسيق: | أطروحة كتاب |
| اللغة: | English |
| منشور في: |
1975?
|
| الموضوعات: | |
| الوسوم: |
إضافة وسم
لا توجد وسوم, كن أول من يضع وسما على هذه التسجيلة!
|
| LEADER | 02210cam a2200385 a 4500 | ||
|---|---|---|---|
| 001 | u127914 | ||
| 003 | SIRSI | ||
| 008 | 911211s1975 my t 00 eng m | ||
| 035 | |a AAO-3457 | ||
| 040 | |a UMM | ||
| 043 | |a a-my--- | ||
| 090 | |a SB741 |b C6Lie | ||
| 091 | |a Microfiche 1163 | ||
| 100 | 1 | 0 | |a Liew, Kon Wui. |
| 245 | 1 | 0 | |a Cochliobolus heterostrophus (Drechsl.) Drechsl. in Peninsular Malaysia : |b mating behaviour, pathogenic variability and sources of resistance in Zea mays L. / |c Liew Kon Wui. |
| 260 | 0 | |c 1975? | |
| 300 | |a v, 116 leaves : |b ill., map ; |c 29 cm. | ||
| 500 | |a Typescript. | ||
| 502 | |a Dissertation (M.Agr.Sc.) - Fakulti Pertanian, Universiti Malaya, 1975? | ||
| 504 | |a Bibliography: leaves 97-105. | ||
| 650 | 0 | |a Cochliobolus heterostrophus. | |
| 650 | 0 | |a Phytopathogenic fungi |z Malaysia. | |
| 650 | 0 | |a Corn |x Diseases and pests. | |
| 948 | |a 06/01/1992 |b 24/09/2003 | ||
| 596 | |a 1 | ||
| 999 | |a SB741 C6LIE |w LC |c 1 |i A500001134 |l B_KOM4 |m P01UTAMA |r Y |s Y |t TESIS |u 15/1/1992 |o .PUBLIC. bkom 4 : 43357 | ||
| 999 | |a SB741 C6LIE |w LC |c 2 |i A002801749 |l STACKS |m P01UTAMA |r Y |s Y |t TESIS |u 23/4/1992 | ||
| 999 | |a MICROFICHE 1163 |w LC |c 1 |i A515387015 |d 18/2/2014 |f 18/2/2014 |g 1 |l MIKROFILM |m P01UTAMA |r Y |s Y |t CD |u 18/2/2014 | ||
| 999 | |a MICROFICHE 1163 |w LC |c 2 |i A515387029 |d 18/2/2014 |f 18/2/2014 |g 1 |l MIKROFILM |m P01UTAMA |r Y |s Y |t CD |u 18/2/2014 | ||
| 999 | |a MICROFICHE 1163 - 1 OF 3 MICROFICHES |w LC |c 1 |i A517091826 |d 22/6/2018 |f 22/6/2018 |g 1 |l MIKROFICHE |m P01UTAMA |r Y |s Y |t MIKROFIS |u 22/6/2018 | ||
| 999 | |a MICROFICHE 1163 - 1 OF 3 MICROFICHES |w LC |c 2 |i A517091830 |d 22/6/2018 |f 22/6/2018 |g 1 |l MIKROFICHE |m P01UTAMA |r Y |s Y |t MIKROFIS |u 22/6/2018 | ||
| 999 | |a MICROFICHE 1163 - 2 OF 3 MICROFICHES |w LC |c 1 |i A517091843 |d 22/6/2018 |f 22/6/2018 |g 1 |l MIKROFICHE |m P01UTAMA |r Y |s Y |t MIKROFIS |u 22/6/2018 | ||
| 999 | |a MICROFICHE 1163 - 2 OF 3 MICROFICHES |w LC |c 2 |i A517091857 |d 22/6/2018 |f 22/6/2018 |g 1 |l MIKROFICHE |m P01UTAMA |r Y |s Y |t MIKROFIS |u 22/6/2018 | ||
| 999 | |a MICROFICHE 1163 - 3 OF 3 MICROFICHES |w LC |c 1 |i A517091865 |d 22/6/2018 |f 22/6/2018 |g 1 |l MIKROFICHE |m P01UTAMA |r Y |s Y |t MIKROFIS |u 22/6/2018 | ||
| 999 | |a MICROFICHE 1163 - 3 OF 3 MICROFICHES |w LC |c 2 |i A517091874 |d 22/6/2018 |f 22/6/2018 |g 1 |l MIKROFICHE |m P01UTAMA |r Y |s Y |t MIKROFIS |u 22/6/2018 | ||
